00309nam a22001097a 4500082002200000100002900022245006400051260004200115300002700157563000700184650000800191 a346.5491015 bAWA aAwan, Malik Saleem Iqbal aThe Manual of Muslim Family Laws/cMalik Saleem Iqbal Awan. aLahore,bLords Law Book House,c2022. aiv, 1132p. ;c24.5 cm. aHB aLaw